Govt. of
Madhya Pradesh

Rash Behari Bose (Record no. 751)

MARC details
000 -LEADER
fixed length control field 005260000a22001930004500
001 - CONTROL NUMBER
control field 000753
003 - CONTROL NUMBER IDENTIFIER
control field MACL
005 - DATE AND TIME OF LATEST TRANSACTION
control field 20150715145045.0
008 - FIXED-LENGTH DATA ELEMENTS--GENERAL INFORMATION
fixed length control field 150715b xxu||||| |||| 00| 0 eng d
040 ## - CATALOGING SOURCE
Original cataloging agency MACL
Transcribing agency MACL
041 ## - LANGUAGE CODE
Language code of text/sound track or separate title English
082 ## - DEWEY DECIMAL CLASSIFICATION NUMBER
Classification number 323.44/RAM
100 ## - MAIN ENTRY--PERSONAL NAME
Personal name Ramu, P.S.
9 (RLIN) 2219
245 ## - TITLE STATEMENT
Title Rash Behari Bose
Remainder of title A Revolutionary "Unwept,Unhonoured & Unsung"
Statement of responsibility, etc. P.S. Ramu
260 ## - PUBLICATION, DISTRIBUTION, ETC. (IMPRINT)
Place of publication, distribution, etc. New Delhi
Date of publication, distribution, etc. 1998
Name of publisher, distributor, etc. Freedom Movement Memorial Committee
350 ## - PRICE (NR) (BK AM CF MU VM SE) [OBSOLETE]
Price 300
650 ## - SUBJECT ADDED ENTRY--TOPICAL TERM
Topical term or geographic name as entry element Political Science
9 (RLIN) 88
942 ## - ADDED ENTRY ELEMENTS (KOHA)
Call number prefix 323
Koha item type Books
Source of classification or shelving scheme
Holdings
Withdrawn status Lost status Source of classification or shelving scheme Damaged status Not for loan Home library Current library Date acquired Cost, normal purchase price Total Checkouts Full call number Barcode Date last seen Uniform Resource Identifier Price effective from Koha item type
          MACL MACL 15/04/2015 300.00   323.44/RAM CRE012011 02/05/2024 752 15/04/2015 Books